[Event "VIII Torneo Leonardo di Bona A"]
[Site "Cutro ITA"]
[Date "2002.04.25"]
[Round "2"]
[White "Bagaturov, Giorgi"]
[Black "Abatino, Maurizio"]
[Result "1/2-1/2"]
[WhiteElo "2434"]
[BlackElo "2225"]
[PlyCount "94"]
[EventDate "2002.04.24"]

1. d4 Nf6 2. c4 e6 3. Nc3 Bb4 4. e3 O-O 5. Nge2 d5 6. a3 Be7 7. cxd5 exd5 8.
Ng3 Re8 9. Bd3 Bf8 10. O-O a5 11. Bd2 c6 12. Qc2 Na6 13. Na4 b5 14. Nc3 Nc7 15.
Nce2 Bd7 16. f3 Ne6 17. b4 Qb6 18. Kh1 g6 19. bxa5 Qa7 20. e4 dxe4 21. fxe4 Bg7
22. Rae1 c5 23. dxc5 Qxc5 24. Bb4 Qa7 25. Nc3 Rac8 26. Qd2 Nd4 27. Qf2 Bc6 28.
h3 Rcd8 29. Bb1 Qb7 30. Ba2 Ne6 31. Rd1 Rxd1 32. Rxd1 Ng5 33. a6 Qxa6 34. Rd6
Ne6 35. Nd5 Nd7 36. Nf4 Nxf4 37. Qxf4 Ne5 38. Bd5 Qb7 39. Qc1 Bxd5 40. Rxd5 Nc6
41. Qf1 Nxb4 42. axb4 Qc7 43. Qxb5 Rb8 44. Qd3 Be5 45. Rc5 Qd6 46. Rd5 Qc7 47.
Rc5 Qd6 1/2-1/2

[Event "VIII Torneo Leonardo di Bona A"]
[Site "Cutro ITA"]
[Date "2002.04.25"]
[Round "2"]
[White "Blasco, Domenico"]
[Black "Estremera Panos, Sergio"]
[Result "0-1"]
[WhiteElo "2037"]
[BlackElo "2377"]
[PlyCount "92"]
[EventDate "2002.04.24"]

1. d4 e6 2. e3 b6 3. f4 Bb7 4. Nf3 Nf6 5. Bd3 c5 6. O-O Nc6 7. c3 Qc7 8. Ne5
Be7 9. Nd2 O-O 10. Ndf3 d6 11. Nxf7 Rxf7 12. Ng5 Nd8 13. Nxf7 Nxf7 14. Qe2 Be4
15. Bxe4 Nxe4 16. f5 exf5 17. Rxf5 Rf8 18. Bd2 Qd7 19. Raf1 Qe6 20. d5 Qg6 21.
Be1 Ne5 22. Rxf8+ Bxf8 23. Qa6 Nf6 24. Qc8 Ned7 25. Bg3 Qe4 26. Bxd6 Qxe3+ 27.
Kh1 Qd3 28. Re1 Qxd5 29. Bxf8 Nxf8 30. Qh3 Qxa2 31. b4 Qd2 32. Rf1 cxb4 33.
cxb4 Qxb4 34. Qf3 Qe4 35. Qa3 a5 36. h3 N8d7 37. Rc1 h6 38. Rc8+ Kh7 39. Kh2
Nc5 40. Rb8 Qf4+ 41. Qg3 Qxg3+ 42. Kxg3 Nfd7 43. Ra8 a4 44. Kf4 b5 45. Ke3 b4
46. Kd4 a3 0-1

[Event "VIII Torneo Leonardo di Bona A"]
[Site "Cutro ITA"]
[Date "2002.04.25"]
[Round "2"]
[White "De Vreugt, Dennis"]
[Black "Jonkman, Harmen"]
[Result "1/2-1/2"]
[WhiteElo "2457"]
[BlackElo "2520"]
[PlyCount "129"]
[EventDate "2002.04.24"]

1. e4 e5 2. Nf3 Nc6 3. Bb5 Nf6 4. O-O Nxe4 5. d4 Nd6 6. Bxc6 dxc6 7. dxe5 Nf5
8. Qxd8+ Kxd8 9. Nc3 Ne7 10. b3 Ng6 11. Bb2 h6 12. Ne4 Bg4 13. Nfd2 Nf4 14. f3
Be6 15. g3 Nd5 16. c4 Ne3 17. Rfc1 Nf5 18. f4 h5 19. Nf3 Be7 20. Nfg5 Bxg5 21.
Nxg5 c5 22. Rd1+ Ke7 23. Nxe6 fxe6 24. Rd3 Rhd8 25. Rad1 Rxd3 26. Rxd3 a5 27.
h3 b6 28. g4 Nh6 29. Kg2 g6 30. Kg3 a4 31. Rd2 axb3 32. axb3 hxg4 33. hxg4 Nf7
34. Rd3 Rh8 35. Rd1 Nd8 36. Bc1 Nc6 37. Be3 Na5 38. Rd3 Rh1 39. f5 exf5 40.
gxf5 gxf5 41. Bg5+ Ke6 42. Bd8 Rh7 43. Kf4 Rd7 44. Rxd7 Kxd7 45. Bg5 Nxb3 46.
Kxf5 Nd4+ 47. Kf6 c6 48. Kf7 b5 49. Bd2 Ne6 50. Kf6 b4 51. Kf7 Nd8+ 52. Kf6 b3
53. Bc1 Nb7 54. e6+ Ke8 55. Ke5 Ke7 56. Bg5+ Kf8 57. Bh6+ Kg8 58. Bc1 Kg7 59.
Ke4 Kf6 60. Kd3 Kxe6 61. Kc3 Na5 62. Ba3 Kd6 63. Bc1 Ke5 64. Be3 Ke4 65. Bxc5
1/2-1/2

[Event "VIII Torneo Leonardo di Bona A"]
[Site "Cutro ITA"]
[Date "2002.04.25"]
[Round "2"]
[White "Del Rio Angelis, Salvador Gabriel"]
[Black "Starostits, Ilmars"]
[Result "1/2-1/2"]
[WhiteElo "2495"]
[BlackElo "2438"]
[PlyCount "95"]
[EventDate "2002.04.24"]

1. d4 Nf6 2. Nf3 g6 3. c4 Bg7 4. Nc3 d5 5. cxd5 Nxd5 6. e4 Nxc3 7. bxc3 O-O 8.
Be2 c5 9. O-O cxd4 10. cxd4 Nc6 11. Be3 Bg4 12. d5 Na5 13. Rc1 a6 14. Bf4 Bxf3
15. Bxf3 e5 16. dxe6 Qxd1 17. Rfxd1 fxe6 18. Bc7 Nc6 19. Bg4 Rae8 20. Bb6 Rf4
21. f3 h5 22. Bh3 Be5 23. Rd3 Rf7 24. g3 Bb8 25. f4 Ba7 26. Bxa7 Nxa7 27. Rd6
Rfe7 28. e5 Kf7 29. Rd2 Rc8 30. Rxc8 Nxc8 31. Rc2 Nb6 32. Bg2 Nd5 33. Bxd5 exd5
34. Kf2 Ke6 35. Ke3 g5 36. Rb2 gxf4+ 37. gxf4 Rc7 38. Rb6+ Rc6 39. Rxb7 Rc3+
40. Ke2 Ra3 41. Kf2 d4 42. Rb6+ Kd5 43. e6 Rxa2+ 44. Kg3 Re2 45. f5 Ke5 46.
Rxa6 Kxf5 47. Rd6 Rxe6 48. Rxd4 1/2-1/2

[Event "VIII Torneo Leonardo di Bona A"]
[Site "Cutro ITA"]
[Date "2002.04.25"]
[Round "2"]
[White "Drasko, Milan"]
[Black "Contin, Daniel"]
[Result "0-1"]
[WhiteElo "2513"]
[BlackElo "2338"]
[PlyCount "118"]
[EventDate "2002.04.24"]

1. d4 Nf6 2. c4 e6 3. Nc3 Bb4 4. Qc2 O-O 5. a3 Bxc3+ 6. Qxc3 b6 7. Bg5 c5 8.
dxc5 bxc5 9. e3 Nc6 10. Bd3 Rb8 11. Nf3 h6 12. Bh4 Qe7 13. O-O d6 14. Rfd1 g5
15. Bg3 e5 16. Nd2 Nh5 17. Be4 Rb6 18. Re1 Bd7 19. f4 Rfb8 20. b3 f5 21. Bd5+
Kh7 22. fxe5 Qg7 23. Rac1 Nxe5 24. Bxe5 Qxe5 25. Qxe5 dxe5 26. g4 Nf6 27. gxf5
Bxf5 28. e4 Bg4 29. b4 cxb4 30. c5 Ra6 31. axb4 Rxb4 32. Nc4 Be6 33. Red1 Kg7
34. Nd6 Bxd5 35. exd5 Ra2 36. Nc4 Rb5 37. Ne3 Rb3 38. Re1 Rbb2 39. c6 Nxd5 40.
c7 Nxe3 41. Rxe3 Rg2+ 42. Kf1 Raf2+ 43. Ke1 Rc2 44. Rxc2 Rxc2 45. Rxe5 Rxc7 46.
Kf2 Rc2+ 47. Kg3 Rc3+ 48. Kg4 Rc4+ 49. Kg3 Ra4 50. Re6 h5 51. h3 Ra3+ 52. Kg2
h4 53. Rc6 a5 54. Ra6 a4 55. Kh2 Kf7 56. Ra7+ Kf6 57. Ra5 Kg6 58. Ra8 Ra2+ 59.
Kg1 Kf5 0-1

[Event "VIII Torneo Leonardo di Bona A"]
[Site "Cutro ITA"]
[Date "2002.04.25"]
[Round "2"]
[White "Efimov, Igor"]
[Black "Georgiev, Vladimir"]
[Result "1/2-1/2"]
[WhiteElo "2446"]
[BlackElo "2502"]
[PlyCount "112"]
[EventDate "2002.04.24"]

1. d4 d5 2. Bg5 h6 3. Bh4 c6 4. c3 Bf5 5. e3 Qb6 6. Qb3 Nd7 7. Nd2 Ngf6 8. Ngf3
g5 9. Bg3 Nh5 10. Be2 Nxg3 11. hxg3 Bg7 12. Nh2 e5 13. g4 Bg6 14. Nhf1 O-O 15.
Ng3 exd4 16. exd4 Rfe8 17. Qxb6 axb6 18. Nf5 b5 19. Nb3 Nb6 20. Kd2 Na4 21.
Rab1 Nxc3 22. Kxc3 Rxe2 23. Rhf1 h5 24. Rbe1 Rae8 25. Rxe2 Rxe2 26. Nc1 b4+ 27.
Kb3 Rd2 28. Nxg7 Kxg7 29. gxh5 Bxh5 30. Kxb4 Rxd4+ 31. Ka5 Rd2 32. b3 d4 33.
Kb6 d3 34. Kxb7 Bg6 35. Kb6 Rb2 36. Rd1 Rb1 37. Kxc6 Be4+ 38. Kc5 Bxg2 39. Kd4
d2 40. Rxd2 Rxc1 41. f4 Bh3 42. fxg5 Kg6 43. b4 Bd7 44. Rf2 Be6 45. Rb2 Kxg5
46. b5 Rc4+ 47. Ke5 Bc8 48. Rg2+ Bg4 49. Kd5 Rc1 50. b6 Rb1 51. Kc6 f5 52. b7
Kf4 53. Rf2+ Ke3 54. Rxf5 Bxf5 55. Kc7 Rc1+ 56. Kb6 Rb1+ 1/2-1/2

[Event "VIII Torneo Leonardo di Bona A"]
[Site "Cutro ITA"]
[Date "2002.04.25"]
[Round "2"]
[White "Isonzo, David"]
[Black "Skembris, Spyridon"]
[Result "0-1"]
[WhiteElo "2360"]
[BlackElo "2429"]
[PlyCount "94"]
[EventDate "2002.04.24"]

1. Nf3 Nc6 2. e4 e5 3. Bb5 a6 4. Bxc6 dxc6 5. d4 exd4 6. Qxd4 Qxd4 7. Nxd4 c5
8. Ne2 Bd7 9. Nbc3 O-O-O 10. Bf4 Bc6 11. O-O Ne7 12. Rad1 Re8 13. Bg3 h5 14. f3
h4 15. Bf2 b6 16. Nf4 g6 17. Ncd5 Bg7 18. b3 a5 19. c4 a4 20. Rfe1 Kb7 21. Be3
axb3 22. axb3 Nxd5 23. Nxd5 h3 24. g3 f5 25. exf5 gxf5 26. Bf4 Bd4+ 27. Kf1 Rh7
28. Rxe8 Bxe8 29. Be3 c6 30. Bxd4 cxd5 31. Bf6 dxc4 32. bxc4 Bf7 33. Rc1 Rh6
34. Be5 Re6 35. f4 Re8 36. Ke2 Ra8 37. Rc2 Ra3 38. Bf6 Kc6 39. Bd8 Ra2 40. Rxa2
Bxc4+ 41. Kd2 Bxa2 42. Kc3 b5 43. Be7 b4+ 44. Kd3 Kb5 45. Bd6 Bb1+ 46. Kd2 c4
47. Kc1 Be4 0-1

[Event "VIII Torneo Leonardo di Bona A"]
[Site "Cutro ITA"]
[Date "2002.04.25"]
[Round "2"]
[White "Janev, Evgeni"]
[Black "Aleksic, Nenad"]
[Result "1-0"]
[WhiteElo "2521"]
[BlackElo "2381"]
[PlyCount "65"]
[EventDate "2002.04.24"]

1. e4 c5 2. Nf3 d6 3. Bb5+ Nd7 4. c3 Ngf6 5. O-O e6 6. Re1 Be7 7. d4 O-O 8. e5
Nd5 9. Bd3 cxd4 10. exd6 Bxd6 11. cxd4 b6 12. Bg5 Qe7 13. Bd2 Bb7 14. Nc3 N7f6
15. a3 Nxc3 16. bxc3 Rac8 17. a4 Qc7 18. Ne5 Rfd8 19. Re3 g6 20. Qe2 Bf8 21.
Rh3 Bg7 22. Re1 Qd6 23. Qe3 Qd5 24. Qg3 Qa2 25. Bg5 Rxc3 26. Qf4 Qd5 27. Bf1
Rxh3 28. Bxf6 Bxf6 29. Qxf6 Rf8 30. Qe7 Kg7 31. Nd7 Rc8 32. Nf6 Qc6 33. d5 1-0

[Event "VIII Torneo Leonardo di Bona A"]
[Site "Cutro ITA"]
[Date "2002.04.25"]
[Round "2"]
[White "Pegorari, Pietro"]
[Black "Van Hoolandt, Patrick"]
[Result "0-1"]
[WhiteElo "2386"]
[BlackElo "2157"]
[PlyCount "60"]
[EventDate "2002.04.24"]

1. c4 e5 2. Nc3 Nc6 3. g3 g6 4. Bg2 Bg7 5. Rb1 a5 6. a3 Nf6 7. e3 O-O 8. Nge2
d6 9. O-O h5 10. b4 axb4 11. axb4 Ne7 12. d3 c6 13. Qb3 Be6 14. b5 Re8 15. Ba3
d5 16. Rfd1 Nf5 17. b6 d4 18. exd4 exd4 19. Na4 Bxc4 20. dxc4 Rxe2 21. Bf3 Re5
22. Nc5 Qc8 23. Nd3 Re8 24. Re1 Ng4 25. c5 Qd7 26. Bg2 Rxe1+ 27. Rxe1 Re8 28.
Rxe8+ Qxe8 29. Qc2 Bh6 30. h3 Nf6 0-1

[Event "VIII Torneo Leonardo di Bona A"]
[Site "Cutro ITA"]
[Date "2002.04.25"]
[Round "2"]
[White "Ristic, Nenad"]
[Black "Korneev, Oleg"]
[Result "0-1"]
[WhiteElo "2464"]
[BlackElo "2599"]
[PlyCount "98"]
[EventDate "2002.04.24"]

1. e4 e5 2. Nf3 Nc6 3. Bb5 a6 4. Bxc6 dxc6 5. O-O f6 6. d4 exd4 7. Nxd4 c5 8.
Ne2 Qxd1 9. Rxd1 Bd7 10. Nbc3 O-O-O 11. Be3 b6 12. Rd2 Re8 13. Rad1 Bc6 14. Nf4
Nh6 15. Nfd5 Ng4 16. Bf4 Ne5 17. Ne3 g6 18. f3 Bg7 19. Kf2 h5 20. Ncd5 Rhf8 21.
c3 f5 22. exf5 gxf5 23. Bg5 Rf7 24. Nf4 c4 25. h4 Bf8 26. Rd8+ Kb7 27. Rxe8
Bxe8 28. Ne6 Be7 29. Rd5 Nd3+ 30. Ke2 Bxg5 31. Nxg5 Nf4+ 32. Kf2 Nxd5 33. Nxd5
Rd7 34. Nf6 Rd8 35. Ke3 Bg6 36. Kf4 Rd2 37. g3 Rxb2 38. Nd5 Rxa2 39. Ne7 Be8
40. Nxf5 a5 41. g4 a4 42. Ng7 Re2 43. Ne4 Bf7 44. gxh5 a3 45. h6 Bg6 46. h5
Bxe4 47. fxe4 a2 48. h7 Rf2+ 49. Kg5 Rf8 0-1

[Event "VIII Torneo Leonardo di Bona A"]
[Site "Cutro ITA"]
[Date "2002.04.25"]
[Round "2"]
[White "Roeder, Matthias"]
[Black "Artizzu, Giulio"]
[Result "1-0"]
[WhiteElo "2487"]
[BlackElo "2129"]
[PlyCount "55"]
[EventDate "2002.04.24"]

1. d4 Nf6 2. c4 c5 3. d5 e6 4. Nf3 exd5 5. cxd5 d6 6. Nc3 g6 7. Bf4 Bg7 8. Qa4+
Bd7 9. Qb3 Qc7 10. e4 O-O 11. Nd2 Re8 12. Be2 b5 13. Bxb5 Nxe4 14. Ncxe4 Rxe4+
15. Nxe4 Qa5+ 16. Bd2 Qxb5 17. Qxb5 Bxb5 18. Bc3 Nd7 19. Nxd6 Ba6 20. Bxg7 Kxg7
21. O-O-O Ne5 22. Rhe1 Nd3+ 23. Rxd3 Bxd3 24. Kd2 Ba6 25. Ne8+ Kf8 26. Nc7 Bb7
27. Nxa8 Bxa8 28. d6 1-0

[Event "VIII Torneo Leonardo di Bona A"]
[Site "Cutro ITA"]
[Date "2002.04.25"]
[Round "2"]
[White "Todorov, Ognjan"]
[Black "Scerbo, Antonio"]
[Result "1-0"]
[WhiteElo "2381"]
[BlackElo "2091"]
[PlyCount "83"]
[EventDate "2002.04.24"]

1. d4 Nf6 2. Nf3 d6 3. c4 g6 4. g3 Bg7 5. Bg2 O-O 6. O-O c6 7. Nc3 Qa5 8. e4
Qh5 9. e5 dxe5 10. Nxe5 Qxd1 11. Rxd1 Bf5 12. b3 Nbd7 13. f4 Rad8 14. Ba3 Rfe8
15. Rac1 Ng4 16. Re1 Ndxe5 17. dxe5 Rd3 18. Bf1 Rd2 19. Re2 Rxe2 20. Bxe2 f6
21. h3 Nh6 22. g4 Bc8 23. exf6 exf6 24. Bf3 f5 25. g5 Re3 26. gxh6 Bxc3 27. Kg2
Bd4 28. Rd1 Bf6 29. Bc5 Rc3 30. Rd2 a5 31. Bd4 Bxd4 32. Rxd4 Kf7 33. Rd8 Be6
34. Rh8 Rc2+ 35. Kg3 g5 36. Rxh7+ Kg6 37. Re7 Bg8 38. Rg7+ Kxh6 39. Rxg8 Rxa2
40. fxg5+ Kh7 41. Rb8 Kg6 42. h4 1-0

[Event "VIII Torneo Leonardo di Bona A"]
[Site "Cutro ITA"]
[Date "2002.04.25"]
[Round "2"]
[White "Vasilev, Milen"]
[Black "Lazic, Miroljub"]
[Result "1/2-1/2"]
[WhiteElo "2424"]
[BlackElo "2474"]
[PlyCount "80"]
[EventDate "2002.04.24"]

1. d4 d5 2. Bf4 c6 3. e3 Qb6 4. Qc1 Bf5 5. Nf3 Nf6 6. Nbd2 Nbd7 7. Be2 h6 8. h3
e6 9. O-O g5 10. Bg3 Rg8 11. c4 g4 12. hxg4 Nxg4 13. Nh4 Nxe3 14. fxe3 Rxg3 15.
Nxf5 exf5 16. Rf3 Rxf3 17. Nxf3 dxc4 18. Bxc4 O-O-O 19. Bxf7 Kb8 20. Qc2 Bd6
21. Qxf5 Qxb2 22. Rb1 Qc3 23. Rb3 Qc1+ 24. Kf2 c5 25. Qb1 Qxb1 26. Rxb1 cxd4
27. exd4 Nf6 28. Be6 Ne4+ 29. Ke3 Nc3 30. Rh1 Bf8 31. Kd3 Rd6 32. Re1 Nb5 33.
Bc4 Nc7 34. Nh4 b5 35. Bb3 a5 36. a4 bxa4 37. Bxa4 Kb7 38. Rb1+ Ka7 39. Nf5 Rg6
40. Rb2 Nd5 1/2-1/2

[Event "VIII Torneo Leonardo di Bona A"]
[Site "Cutro ITA"]
[Date "2002.04.25"]
[Round "3"]
[White "Abatino, Maurizio"]
[Black "Drasko, Milan"]
[Result "1/2-1/2"]
[WhiteElo "2225"]
[BlackElo "2513"]
[PlyCount "64"]
[EventDate "2002.04.24"]

1. d4 Nf6 2. c4 e6 3. Nc3 Bb4 4. e3 O-O 5. Bd3 d5 6. Nf3 b6 7. O-O Bb7 8. cxd5
exd5 9. Ne5 Bd6 10. f4 c5 11. Rf3 g6 12. Rh3 Nc6 13. Qf3 cxd4 14. Nxc6 Bxc6 15.
exd4 Qe7 16. Be3 Rae8 17. f5 Ne4 18. Qg4 h5 19. Qf3 Qf6 20. Rf1 Kg7 21. Ne2 Bd7
22. Nf4 Bxf4 23. Qxf4 g5 24. Qc7 Qc6 25. Qxc6 Bxc6 26. f6+ Kg6 27. Rg3 g4 28.
Bc1 Re6 29. h3 Rxf6 30. hxg4 Rxf1+ 31. Kxf1 hxg4 32. Rxg4+ Kf5 1/2-1/2

[Event "VIII Torneo Leonardo di Bona A"]
[Site "Cutro ITA"]
[Date "2002.04.25"]
[Round "3"]
[White "Aleksic, Nenad"]
[Black "Pegorari, Pietro"]
[Result "1/2-1/2"]
[WhiteElo "2381"]
[BlackElo "2386"]
[PlyCount "20"]
[EventDate "2002.04.24"]

1. d4 d5 2. Nc3 Nf6 3. Bg5 Nbd7 4. e3 c6 5. Bd3 Ne4 6. Bxe4 dxe4 7. Qd2 f5 8.
f3 exf3 9. Nxf3 Qa5 10. O-O Nf6 1/2-1/2

[Event "VIII Torneo Leonardo di Bona A"]
[Site "Cutro ITA"]
[Date "2002.04.25"]
[Round "3"]
[White "Artizzu, Giulio"]
[Black "Bagaturov, Giorgi"]
[Result "0-1"]
[WhiteElo "2129"]
[BlackElo "2434"]
[PlyCount "54"]
[EventDate "2002.04.24"]

1. e4 c5 2. Nf3 Nc6 3. d4 cxd4 4. Nxd4 Nf6 5. Nc3 d6 6. Bc4 e6 7. O-O Be7 8.
Be3 O-O 9. f4 d5 10. exd5 exd5 11. Be2 Re8 12. Kh1 Bb4 13. Bg1 Bxc3 14. bxc3
Ne4 15. Bd3 Nxc3 16. Qh5 Ne4 17. Nxc6 bxc6 18. Rad1 Qf6 19. c4 Bf5 20. cxd5
cxd5 21. g4 Bd7 22. Bc2 d4 23. Bxd4 Qc6 24. Bxe4 Qxe4+ 25. Kg1 Bc6 26. Qh3 Rad8
27. Rfe1 Rxd4 0-1

[Event "VIII Torneo Leonardo di Bona A"]
[Site "Cutro ITA"]
[Date "2002.04.25"]
[Round "3"]
[White "Chatalbashev, Boris"]
[Black "Isonzo, David"]
[Result "1-0"]
[WhiteElo "2537"]
[BlackElo "2360"]
[PlyCount "87"]
[EventDate "2002.04.24"]

1. d4 Nf6 2. c4 g6 3. Nc3 Bg7 4. e4 d6 5. Bd3 O-O 6. Nge2 Nc6 7. O-O Nh5 8. Bc2
e5 9. d5 Ne7 10. a4 f5 11. exf5 gxf5 12. Ng3 Nf4 13. Nh5 Nxh5 14. Qxh5 Ng6 15.
f4 exf4 16. Ne2 Bd7 17. Ra3 Be5 18. Nxf4 Nxf4 19. Bxf4 Qf6 20. Bxe5 Qxe5 21.
Rh3 Rf7 22. Rg3+ Rg7 23. Rxg7+ Kxg7 24. Bxf5 Bxf5 25. Qxf5 Qxb2 26. h3 Kh8 27.
Qe4 Qg7 28. a5 Rg8 29. Rf2 b6 30. a6 Qa1+ 31. Kh2 Qg7 32. g4 Rf8 33. Rxf8+ Qxf8
34. Kg3 Qf6 35. Qf4 Qe7 36. g5 Kg7 37. h4 Kg6 38. Kf3 Kg7 39. h5 Qd8 40. Qf5
Qe7 41. h6+ Kg8 42. Qe6+ Qf7+ 43. Ke4 c5 44. g6 1-0

[Event "VIII Torneo Leonardo di Bona A"]
[Site "Cutro ITA"]
[Date "2002.04.25"]
[Round "3"]
[White "Contin, Daniel"]
[Black "De Vreugt, Dennis"]
[Result "0-1"]
[WhiteElo "2338"]
[BlackElo "2457"]
[PlyCount "68"]
[EventDate "2002.04.24"]

1. c4 e5 2. Nc3 Nf6 3. Nf3 Nc6 4. g3 d5 5. cxd5 Nxd5 6. Bg2 Nb6 7. d3 Be7 8.
O-O O-O 9. a3 a5 10. Be3 Be6 11. Rc1 Re8 12. Na4 Nd5 13. Bc5 b6 14. Bxe7 Ndxe7
15. Ng5 Bd5 16. Bxd5 Qxd5 17. Nc3 Qd7 18. Qb3 Rf8 19. Nf3 Nd4 20. Nxd4 exd4 21.
Ne4 Nd5 22. Rc4 c5 23. a4 Kh8 24. Rc2 Rae8 25. Rfc1 Re5 26. Nxc5 Qh3 27. e4
bxc5 28. f4 Nxf4 29. gxf4 Rxe4 30. Rf1 Qe3+ 31. Rff2 Rxf4 32. Rce2 Qc1+ 33. Kg2
Rg4+ 34. Kh3 Qg5 0-1

[Event "VIII Torneo Leonardo di Bona A"]
[Site "Cutro ITA"]
[Date "2002.04.25"]
[Round "3"]
[White "Djuric, Stefan"]
[Black "Calzetta Ruiz, Monica"]
[Result "1-0"]
[WhiteElo "2489"]
[BlackElo "2278"]
[PlyCount "50"]
[EventDate "2002.04.24"]

1. e4 c5 2. Nf3 Nc6 3. c3 Nf6 4. d3 d6 5. g3 g6 6. Bg2 Bg7 7. O-O O-O 8. Re1 e5
9. a3 Bd7 10. Nbd2 b5 11. d4 cxd4 12. cxd4 Rc8 13. Nb3 h6 14. h3 Re8 15. Kh2
exd4 16. Nfxd4 d5 17. Nxc6 Bxc6 18. e5 Ne4 19. f3 Ng5 20. Nd4 Ba8 21. f4 Ne4
22. Nxb5 Qb6 23. Bxe4 dxe4 24. Qe2 Bf8 25. Be3 Bc5 1-0

[Event "VIII Torneo Leonardo di Bona A"]
[Site "Cutro ITA"]
[Date "2002.04.25"]
[Round "3"]
[White "Estremera Panos, Sergio"]
[Black "Zelcic, Robert"]
[Result "0-1"]
[WhiteElo "2377"]
[BlackElo "2547"]
[PlyCount "96"]
[EventDate "2002.04.24"]

1. e4 c5 2. Nf3 d6 3. d4 cxd4 4. Nxd4 Nf6 5. Nc3 Nc6 6. Bg5 e6 7. Qd2 a6 8.
O-O-O Bd7 9. f3 Rc8 10. Kb1 Be7 11. h4 b5 12. Nxc6 Rxc6 13. Ne2 O-O 14. Nd4 Rc8
15. g4 Qc7 16. Be3 e5 17. Nf5 Bxf5 18. gxf5 d5 19. Rg1 dxe4 20. Qg2 Nh5 21.
fxe4 Bf6 22. Bd3 Nf4 23. Qh2 Rfd8 24. Rgf1 h6 25. Rxf4 exf4 26. Bxf4 Qc5 27. e5
Bxh4 28. Rf1 Rxd3 29. cxd3 Qd5 30. Qh3 Rd8 31. Rf3 Re8 32. Qg4 Bg5 33. Bxg5
hxg5 34. e6 fxe6 35. f6 Rf8 36. Qh5 Rxf6 37. Qe8+ Kh7 38. Rh3+ Rh6 39. Rxh6+
Kxh6 40. Qh8+ Kg6 41. Qe8+ Kf5 42. Qf7+ Kg4 43. Kc2 Qc5+ 44. Kd2 Qe5 45. Kc2
Qe2+ 46. Kc1 a5 47. d4 Qe3+ 48. Kc2 Qe4+ 0-1

[Event "VIII Torneo Leonardo di Bona A"]
[Site "Cutro ITA"]
[Date "2002.04.25"]
[Round "3"]
[White "Ivanov, Jordan"]
[Black "Todorov, Ognjan"]
[Result "1/2-1/2"]
[WhiteElo "2411"]
[BlackElo "2381"]
[PlyCount "36"]
[EventDate "2002.04.24"]

1. d4 e6 2. e4 d5 3. exd5 exd5 4. h3 Bd6 5. Nf3 Nf6 6. c4 dxc4 7. Bxc4 O-O 8.
O-O Nc6 9. Nc3 h6 10. a3 Bf5 11. Re1 a6 12. d5 Ne7 13. Nd4 Bh7 14. Qf3 Ng6 15.
Be3 Ne5 16. Qe2 Nxc4 17. Qxc4 Qd7 18. Rad1 Rfe8 1/2-1/2

[Event "VIII Torneo Leonardo di Bona A"]
[Site "Cutro ITA"]
[Date "2002.04.25"]
[Round "3"]
[White "Korneev, Oleg"]
[Black "Janev, Evgeni"]
[Result "1-0"]
[WhiteElo "2599"]
[BlackElo "2521"]
[PlyCount "77"]
[EventDate "2002.04.24"]

1. e4 Nf6 2. e5 Nd5 3. d4 d6 4. Nf3 g6 5. Bc4 Nb6 6. Bb3 Bg7 7. a4 a5 8. Ng5 e6
9. f4 dxe5 10. fxe5 c5 11. c3 cxd4 12. O-O O-O 13. cxd4 Nc6 14. Nf3 f6 15. Nc3
fxe5 16. Bg5 Qd7 17. dxe5 Nxe5 18. Nxe5 Qxd1 19. Raxd1 Bxe5 20. Rfe1 Bg7 21.
Be7 Rf5 22. g4 Rf4 23. Bc5 Bd7 24. Bxb6 Rxg4+ 25. Kf1 Rf8+ 26. Bf2 Rgf4 27. Re2
Bc6 28. Bxe6+ Kh8 29. Bd5 Bd7 30. Rdd2 Bg4 31. Re4 Bh3+ 32. Ke1 R4f6 33. Bd4
Rf1+ 34. Ke2 h5 35. Bxg7+ Kxg7 36. Ke3 Kh6 37. Kd4 Bg4 38. Kc5 R1f2 39. Red4
1-0

[Event "VIII Torneo Leonardo di Bona A"]
[Site "Cutro ITA"]
[Date "2002.04.25"]
[Round "3"]
[White "Skembris, Spyridon"]
[Black "Del Rio Angelis, Salvador Gabriel"]
[Result "1-0"]
[WhiteElo "2429"]
[BlackElo "2495"]
[PlyCount "87"]
[EventDate "2002.04.24"]

1. d4 Nf6 2. c4 e6 3. Nf3 b6 4. g3 Ba6 5. Qa4 Bb7 6. Bg2 c5 7. dxc5 Bxc5 8. Nc3
O-O 9. O-O Be7 10. Rd1 Qc8 11. Bf4 Na6 12. Rac1 Nc5 13. Qa3 Re8 14. Bd6 Bxd6
15. Rxd6 Qb8 16. Rcd1 Nd5 17. cxd5 Qxd6 18. b4 exd5 19. bxc5 Qxc5 20. Qxc5 bxc5
21. e3 d4 22. exd4 cxd4 23. Nxd4 Bxg2 24. Kxg2 Re5 25. Ndb5 Rc5 26. Rxd7 h6 27.
Nc7 Rc8 28. N3d5 Kf8 29. Na6 Ra5 30. Ndb4 Rc4 31. Rb7 g6 32. Nc7 Rcc5 33. h4 g5
34. hxg5 hxg5 35. Kh3 Rf5 36. Rb8+ Kg7 37. Kg2 Ra4 38. Ne8+ Kh7 39. Nd5 Ra6 40.
Rd8 Re6 41. Ne3 Ra5 42. Nc7 Rc6 43. Ned5 Rxa2 44. Nb4 1-0

[Event "VIII Torneo Leonardo di Bona A"]
[Site "Cutro ITA"]
[Date "2002.04.25"]
[Round "3"]
[White "Starostits, Ilmars"]
[Black "Roeder, Matthias"]
[Result "0-1"]
[WhiteElo "2438"]
[BlackElo "2487"]
[PlyCount "74"]
[EventDate "2002.04.24"]

1. e4 c5 2. Nc3 d6 3. g3 Nc6 4. Bg2 g6 5. f4 Bg7 6. d3 e6 7. Nf3 Nge7 8. O-O
O-O 9. Be3 b6 10. d4 Ba6 11. Rf2 Qc7 12. a4 Rad8 13. Nb5 Bxb5 14. axb5 Nxd4 15.
Nxd4 cxd4 16. Bxd4 e5 17. Be3 exf4 18. gxf4 d5 19. e5 f6 20. e6 Rfe8 21. Rd2
Nf5 22. Bf2 d4 23. Bxd4 Nxd4 24. Rxd4 Qc5 25. c3 f5 26. Raa4 Bxd4+ 27. Rxd4 Kg7
28. Kh1 Rxd4 29. cxd4 Qd6 30. d5 Rxe6 31. Qd4+ Kh6 32. Qd2 Re8 33. Bf3 Qe7 34.
Kg2 Qe3 35. Qd1 Rc8 36. d6 Rc1 37. Qd5 Rc2+ 0-1

[Event "VIII Torneo Leonardo di Bona A"]
[Site "Cutro ITA"]
[Date "2002.04.25"]
[Round "3"]
[White "Van Hoolandt, Patrick"]
[Black "Ristic, Nenad"]
[Result "0-1"]
[WhiteElo "2157"]
[BlackElo "2464"]
[PlyCount "66"]
[EventDate "2002.04.24"]

1. c4 e5 2. g3 Nf6 3. Bg2 c6 4. d4 exd4 5. Qxd4 d5 6. cxd5 cxd5 7. Nf3 Nc6 8.
Qa4 Bc5 9. O-O O-O 10. Bg5 h6 11. Bxf6 Qxf6 12. Nc3 Be6 13. Rac1 Bb6 14. Qb5 d4
15. Na4 Qd8 16. Rfd1 Re8 17. e3 Bd7 18. Nxb6 axb6 19. Qd3 dxe3 20. Qxd7 e2 21.
Qxd8 Raxd8 22. Rxd8 Rxd8 23. Re1 Rd1 24. Bf1 exf1=Q+ 25. Kxf1 Rd3 26. Re8+ Kh7
27. Ne5 Rd1+ 28. Kg2 Re1 29. f4 Re2+ 30. Kf3 Nd4+ 31. Kg4 f6 32. Rd8 fxe5 33.
fxe5 Nc6 0-1

[Event "VIII Torneo Leonardo di Bona A"]
[Site "Cutro ITA"]
[Date "2002.04.26"]
[Round "4"]
[White "Aleksic, Nenad"]
[Black "Contin, Daniel"]
[Result "1/2-1/2"]
[WhiteElo "2381"]
[BlackElo "2338"]
[PlyCount "38"]
[EventDate "2002.04.24"]

1. e4 e6 2. Nf3 d5 3. Nc3 Nf6 4. e5 Nfd7 5. d4 c5 6. dxc5 Nc6 7. Bf4 Bxc5 8.
Bd3 f6 9. exf6 Nxf6 10. O-O O-O 11. Ne5 Bd7 12. Qe2 Qe7 13. Rae1 Rae8 14. Bg3
a6 15. a3 Bd4 16. Nd1 Nxe5 17. Bxe5 Bxe5 18. Qxe5 Bc6 19. c4 Nd7 1/2-1/2

[Event "VIII Torneo Leonardo di Bona A"]
[Site "Cutro ITA"]
[Date "2002.04.26"]
[Round "4"]
[White "Bagaturov, Giorgi"]
[Black "Djuric, Stefan"]
[Result "1/2-1/2"]
[WhiteElo "2434"]
[BlackElo "2489"]
[PlyCount "37"]
[EventDate "2002.04.24"]

1. d4 Nf6 2. c4 g6 3. Nf3 Bg7 4. g3 d5 5. Bg2 dxc4 6. O-O Nfd7 7. Nbd2 Nb6 8.
Nxc4 Nxc4 9. Qa4+ Nc6 10. Qxc4 Be6 11. Qa4 O-O 12. Rd1 Bd5 13. Bf4 Bxf3 14.
Bxf3 Nxd4 15. Bxb7 Rb8 16. Qa6 e5 17. Bd2 Qd6 18. Bc3 Qb6 19. Bxd4 1/2-1/2

[Event "VIII Torneo Leonardo di Bona A"]
[Site "Cutro ITA"]
[Date "2002.04.26"]
[Round "4"]
[White "Drasko, Milan"]
[Black "Estremera Panos, Sergio"]
[Result "1/2-1/2"]
[WhiteElo "2513"]
[BlackElo "2377"]
[PlyCount "62"]
[EventDate "2002.04.24"]

1. d4 Nf6 2. c4 e6 3. Nc3 Bb4 4. Qc2 O-O 5. a3 Bxc3+ 6. Qxc3 b6 7. Bg5 Bb7 8.
Nf3 d6 9. Nd2 Nbd7 10. f3 h6 11. Bh4 Rc8 12. e3 c5 13. dxc5 Rxc5 14. b4 Rc8 15.
Qb2 Qe7 16. Be2 e5 17. O-O Rc7 18. e4 Rfc8 19. Rfd1 Qe6 20. Nf1 b5 21. Qd2 bxc4
22. Qxd6 Qxd6 23. Rxd6 c3 24. Rc1 c2 25. Ne3 Rc3 26. Nf5 Rb3 27. Be1 Rb1 28.
Bd2 Rc7 29. Kf2 Bxe4 30. fxe4 Nxe4+ 31. Ke3 Nxd6 1/2-1/2